Dead heat / (Record no. 17363)
[ view plain ]
| 000 -LEADER | |
|---|---|
| fixed length control field | 00769cam a2200277Ia 4500 |
| 001 - CONTROL NUMBER | |
| control field | 223802535 |
| 003 - CONTROL NUMBER IDENTIFIER | |
| control field | OCoLC |
| 005 - DATE AND TIME OF LATEST TRANSACTION | |
| control field | 20170606124145.0 |
| 008 - FIXED-LENGTH DATA ELEMENTS--GENERAL INFORMATION | |
| fixed length control field | 080410r20082007nyu 000 1 eng d |
| 020 ## - INTERNATIONAL STANDARD BOOK NUMBER | |
| International Standard Book Number | 9780425223192 (pbk.) : |
| Terms of availability | $9.99 |
| 020 ## - INTERNATIONAL STANDARD BOOK NUMBER | |
| International Standard Book Number | 0425223191 (pbk.) |
| 040 ## - CATALOGING SOURCE | |
| Original cataloging agency | BTCTA |
| Transcribing agency | BTCTA |
| Modifying agency | BAKER |
| -- | YDXCP |
| -- | DMM |
| -- | JRS |
| 041 ## - LANGUAGE CODE | |
| Language code of text/sound track or separate title | eng |
| 043 ## - GEOGRAPHIC AREA CODE | |
| Geographic area code | e-uk-en |
| 100 1# - MAIN ENTRY--PERSONAL NAME | |
| Personal name | Francis, Dick. |
| 245 10 - TITLE STATEMENT | |
| Title | Dead heat / |
| Statement of responsibility, etc. | Dick Francis and Felix Francis. |
| 250 ## - EDITION STATEMENT | |
| Edition statement | Berkley premium ed. |
| 260 ## - PUBLICATION, DISTRIBUTION, ETC. (IMPRINT) | |
| Place of publication, distribution, etc. | New York : |
| Name of publisher, distributor, etc. | Berkley Books, |
| Date of publication, distribution, etc. | 2008, c2007. |
| 300 ## - PHYSICAL DESCRIPTION | |
| Extent | 404 p. ; |
| Dimensions | 19 cm. |
| 650 #0 - SUBJECT ADDED ENTRY--TOPICAL TERM | |
| Topical term or geographic name as entry element | Cooks |
| Form subdivision | Fiction. |
| 650 #0 - SUBJECT ADDED ENTRY--TOPICAL TERM | |
| Topical term or geographic name as entry element | Horse racing |
| Form subdivision | Fiction. |
| 651 #0 - SUBJECT ADDED ENTRY--GEOGRAPHIC NAME | |
| Geographic name | England |
| Form subdivision | Fiction. |
| 655 #7 - INDEX TERM--GENRE/FORM | |
| Genre/form data or focus term | Mystery fiction. |
| Source of term | gsafd. |
| 700 1# - ADDED ENTRY--PERSONAL NAME | |
| Personal name | Francis, Felix. |
| 942 ## - ADDED ENTRY ELEMENTS (KOHA) | |
| Koha item type | Libro/Book |
| Withdrawn status | Lost status | Source of classification or shelving scheme | Damaged status | Not for loan | Home library | Current library | Shelving location | Date acquired | Total Checkouts | Full call number | Barcode | Date last seen | Date checked out | Price effective from | Koha item type |
|---|---|---|---|---|---|---|---|---|---|---|---|---|---|---|---|
| Dewey Decimal Classification | San Juan Del Sur -- Biblioteca | San Juan Del Sur -- Biblioteca | English | 06/06/2017 | 2 | TB Fra | 30024396 | 06/01/2021 | 26/02/2020 | 06/06/2017 | Libro/Book |